| 000 | 00767nam a2200241Ia 4500 | ||
|---|---|---|---|
| 003 | OSt | ||
| 005 | 20210813143228.0 | ||
| 008 | 210310s1984 ck gr 000 0 spa d | ||
| 040 |
_aCO-JMCR _cCO-JMCR |
||
| 041 | 0 | _aspa | |
| 082 | 0 | 4 |
_a332.632 / _bB693m _223 |
| 110 | 2 |
_aBolsa de Bogotá _936239 |
|
| 245 | 1 | 0 |
_aManual de valores y renta fija y descuento / _cBolsa de Bogotá |
| 250 | _a3ª. edición. | ||
| 260 |
_aBogotá : _bPoligrupo Comunicaciones, _c1984. |
||
| 300 |
_a57 páginas ; _c23 cm. |
||
| 505 | _aPapeles de renta fija y descuento -- Cuadros estadísticos. | ||
| 650 | 1 | 4 |
_aInterés _925924 |
| 650 | 2 | 4 |
_aEvaluación de proyectos. _92814 |
| 650 | 2 | 4 |
_aProyectos de desarrollo. _94149 |
| 650 | 2 | 4 |
_aProyectos de inversión. _9513 |
| 942 |
_2ddc _cBK |
||
| 999 |
_c11589 _d11589 |
||